Responsabilidad civil del empresario
Saved in:
| 主要作者: | |
|---|---|
| 格式: | 圖書 |
| 語言: | 西班牙语 |
| 出版: |
Santiago
Universidad de Los Andes
1996
|
| 叢編: | Cuadernos de Extensión Jurídica, 1
|
| 主題: | |
| 標簽: |
添加標簽
沒有標簽, 成為第一個標記此記錄!
|
MARC
| LEADER | 00000nam a2200000 a 4500 | ||
|---|---|---|---|
| 001 | UCM8933 | ||
| 003 | CL-VaPUC | ||
| 008 | 030404e19960000CL |||||||||||||||||spa|d | ||
| 082 | 0 | 4 | |a 346.8307 |b MCK |2 21 |
| 100 | |a McKay Alliende, Federico |e autor |9 740751 | ||
| 245 | 1 | 0 | |a Responsabilidad civil del empresario |
| 300 | |a 187 p | ||
| 942 | |c BK | ||
| 945 | |d 20030404 00:00:00 |a cmena | ||
| 260 | |a Santiago |b Universidad de Los Andes |c 1996 | ||
| 650 | 7 | |a RESPONSABILIDAD CIVIL |2 CL-VaPUC |9 475241 | |
| 650 | 0 | |a Derecho comercial |9 256340 | |
| 650 | 0 | |a Empresas |9 255569 | |
| 650 | 0 | |a Código civil |9 256135 | |
| 650 | 7 | |a EMPRESARIOS |2 CL-VaPUC |9 315086 | |
| 650 | 0 | |a Naturaleza jurídica |9 371885 | |
| 650 | 0 | |a Responsabilidad extracontractual |9 336742 | |
| 583 | |a last modification |c 20161128 12:14:17 |k Rodrigo Vera | ||
| 490 | 0 | |a Cuadernos de Extensión Jurídica, 1 | |
| 999 | |c 303345 |d 303343 | ||
| 952 | |0 0 |1 0 |4 0 |6 346_830700000000000_MCK_1996 |7 0 |8 A |9 364582 |a BIBDER |b BIBDER |d 2019-11-21 |i 3891496 |l 1 |m 5 |o 346.8307 MCK 1996 |p 3891496 |q 2025-12-31 |r 2020-03-04 |s 2020-03-04 |w 2019-11-21 |y BK |k DER | ||